| 000 | 00419pab a2200133 454500 | ||
|---|---|---|---|
| 008 | 180718b xxu||||| |||| 00| 0 eng d | ||
| 100 | _aMarlin Matthew R. | ||
| 245 | _aDid tax reform kill segmentation in the municipal bond market? | ||
| 362 | _a54(4), Jul-Aug 1994, p.387-90 | ||
| 650 | _a Taxation -- U.S.A. | ||
| 650 | _aMunicipal Bonds -- Taxation -- U.S.A. | ||
| 773 | _aPublic Administration Review | ||
| 909 | _a27448 | ||
| 999 |
_c27448 _d27448 |
||